| 000 | 00717nam a22001937a 4500 | ||
|---|---|---|---|
| 003 | JO-AjAnu | ||
| 005 | 20251015122536.0 | ||
| 008 | 251015b jo ||||| |||| 00| 0 ara d | ||
| 020 | _a978-9923-13-545-7 | ||
| 022 | _a354/1/2022 | ||
| 040 |
_aANU _cJO-AjAnu |
||
| 041 | _hARA | ||
| 100 |
_aالعناتي، يوسف محمود _eمؤلف _966845 |
||
| 245 |
_aاللغة العربية .. التحدي والاستثمار _c / يوسف محمود العناتي |
||
| 260 |
_aعمان : _bالآن ناشرون وموزعون، _c2022 |
||
| 300 | _a269 صفحة | ||
| 650 | _vعلم الصرف-اللهجات-الإملاء والكتابة-تاريخ اللغة-اللغة العربية | ||
| 942 |
_2lcc _cBK _n0 |
||
| 999 |
_c34099 _d34099 |
||